[Event "15. Offene HH Senioren EM 2008"]
[Site "Hamburg"]
[Date "2008.10.27"]
[Round "1.1"]
[White "Putzbach, Gerd"]
[Black "Horstmann, Axel"]
[Result "1/2-1/2"]
[WhiteElo "2297"]
[BlackElo "1581"]
[PlyCount "85"]
[EventDate "2008.??.??"]
[WhiteTeam "Niendorfer TSV 1919 SAbt"]
[BlackTeam "Hamburger SK von 1830 eV"]

1. e4 c5 2. Nf3 Nc6 3. d4 cxd4 4. Nxd4 g6 5. Nc3 Bg7 6. Be3 Nf6 7. Nb3 O-O 8.
Be2 d6 9. O-O Bd7 10. f4 Qc8 11. h3 Rd8 12. Qd2 Be6 13. Bf3 Bc4 14. Rfd1 Rb8
15. Nd5 b6 16. Nd4 Nxd5 17. exd5 Nxd4 18. Bxd4 Bxd4+ 19. Qxd4 Qc5 20. b3 Ba6
21. c4 Kf8 22. a4 Bc8 23. b4 Qxd4+ 24. Rxd4 Bd7 25. Kf2 Rdc8 26. Be2 Rc7 27. b5
Bc8 28. Rd2 a5 29. bxa6 Bxa6 30. c5 Bxe2 31. cxd6 exd6 32. Kxe2 Rc4 33. g3 Ke7
34. Kd3 Rc5 35. Kd4 Kd7 36. Rb2 Ra5 37. Rb5 Rba8 38. Rxa5 Rxa5 39. Kc4 Rc5+ 40.
Kd4 Ra5 41. Kc4 Rc5+ 42. Kd4 Ra5 43. Kc4 1/2-1/2

[Event "15. Offene HH Senioren EM 2008"]
[Site "Hamburg"]
[Date "2008.10.27"]
[Round "1.2"]
[White "Werner, Joern"]
[Black "Jacoby, Gisbert"]
[Result "0-1"]
[WhiteElo "1579"]
[BlackElo "2186"]
[PlyCount "68"]
[EventDate "2008.??.??"]
[WhiteTeam "SK Wilhelmsburg 1936 eV"]
[BlackTeam "Koenigsspr.SC.1984 e.V."]

1. e4 c5 2. Nf3 Nc6 3. Nc3 g6 4. b3 Bg7 5. Bb2 Nf6 6. d3 O-O 7. Be2 e6 8. h3 d5
9. Qd2 d4 10. Nd1 e5 11. Nh2 Ne8 12. O-O f5 13. exf5 gxf5 14. Bc1 Nf6 15. Qe1
Nb4 16. Qd2 e4 17. a3 e3 18. fxe3 dxe3 19. Nxe3 Nfd5 20. Rb1 Nxe3 21. axb4 Nxf1
22. Nxf1 Qd4+ 23. Qe3 f4 24. Qxd4 Bxd4+ 25. Kh1 cxb4 26. Bf3 a5 27. Bd2 Bc3 28.
Re1 a4 29. Bd5+ Kh8 30. Bxc3+ bxc3 31. bxa4 Rxa4 32. Re7 Ra1 33. Kg1 Rc1 34.
Bb3 f3 0-1

[Event "15. Offene HH Senioren EM 2008"]
[Site "Hamburg"]
[Date "2008.10.27"]
[Round "1.3"]
[White "Hawranke, Dietrich"]
[Black "Zimmermann, Manfred"]
[Result "1-0"]
[WhiteElo "2127"]
[BlackElo "1879"]
[PlyCount "21"]
[EventDate "2008.??.??"]
[WhiteTeam "Pinneberger SC 1932 eV"]
[BlackTeam "Pinneberger SC 1932 eV"]

1. d4 Nf6 2. Nf3 g6 3. Nc3 Bg7 4. e4 d6 5. Bg5 O-O 6. Qd2 c6 7. Bh6 Qc7 8. h4
e5 9. h5 Bxh6 10. Qxh6 Ng4 11. Qd2 1-0

[Event "15. Offene HH Senioren EM 2008"]
[Site "Hamburg"]
[Date "2008.10.27"]
[Round "1.4"]
[White "Hermann, Armin"]
[Black "Weiss, Siegfried"]
[Result "0-1"]
[WhiteElo "1756"]
[BlackElo "2056"]
[PlyCount "112"]
[EventDate "2008.??.??"]
[WhiteTeam "Ahrensburger TSV"]
[BlackTeam "Koenigsspr.SC.1984 e.V."]

1. Nf3 e6 2. d4 f5 3. c4 Nf6 4. Nc3 Bb4 5. Bd2 O-O 6. g3 b6 7. Bg2 Bb7 8. O-O
a5 9. a3 Bxc3 10. Bxc3 Ne4 11. Qc2 Nxc3 12. Qxc3 Qe7 13. Rac1 c5 14. Rfd1 Na6
15. Qb3 Rab8 16. e3 d6 17. Qd3 Be4 18. Qe2 Nc7 19. Nd2 Bxg2 20. Kxg2 e5 21.
dxe5 Qxe5 22. Nf3 Qe7 23. Qd2 Rbd8 24. Rc3 Rf6 25. Rd3 Qe4 26. Rc3 d5 27. cxd5
Nxd5 28. Rd3 Rfd6 29. Qe2 Nf4+ 30. gxf4 Rxd3 31. Rxd3 Qxd3 32. Qe1 Rd6 33. Ne5
Qd5+ 34. Kg3 g6 35. Qe2 Re6 36. Qb5 Kg7 37. Qa6 Qd6 38. Qb7+ Re7 39. Qa6 g5 40.
Qc4 gxf4+ 41. exf4 Kf6 42. Qb3 Rg7+ 43. Kf3 Qe6 44. Qc3 Qd5+ 45. Ke2 Qe4+ 46.
Kf1 Qd4 47. Qf3 Qe4 48. Qc3 Qxf4 49. Nf3+ Kf7 50. Ne5+ Kf8 51. Nf3 Qd6 52. Qc2
Qd5 53. Qe2 Re7 54. Qa6 Qd1+ 55. Kg2 Rg7+ 56. Kh3 Qxf3+ 0-1

[Event "15. Offene HH Senioren EM 2008"]
[Site "Hamburg"]
[Date "2008.10.27"]
[Round "1.5"]
[White "Gollasch, Theo Heinz"]
[Black "Baumann, Siegfried"]
[Result "1-0"]
[WhiteElo "2109"]
[BlackElo "1544"]
[PlyCount "85"]
[EventDate "2008.??.??"]
[WhiteTeam "Hamburger SK von 1830 eV"]
[BlackTeam "SK Caissa Rahlstedt"]

1. Nf3 d5 2. g3 Nc6 3. d4 Bf5 4. Bg2 f6 5. O-O e6 6. c4 Nge7 7. Nc3 Bg6 8. Qb3
dxc4 9. Qxc4 Bf7 10. e4 e5 11. d5 a6 12. Qb3 b5 13. Qd1 Na5 14. b4 Nc4 15. a4
Nd6 16. Qe2 Rb8 17. axb5 axb5 18. Be3 Nec8 19. Bc5 Qd7 20. Ra6 Be7 21. Rfa1 O-O
22. Nd2 Nb7 23. Bxe7 Qxe7 24. Qxb5 Be8 25. Qc4 Nbd6 26. Qb3 Nb5 27. Nxb5 Rxb5
28. Bf1 Qxb4 29. Qa2 Rc5 30. Rb1 Qc3 31. Nb3 Nd6 32. Nxc5 Qxc5 33. Ra8 Kf7 34.
Bd3 Qc3 35. Qc2 Qxc2 36. Bxc2 Ke7 37. Ra7 Kd8 38. Rb8+ Nc8 39. g4 Bd7 40. h3
Rf7 41. Raa8 Rf8 42. Bd3 Ke7 43. Ba6 1-0

[Event "15. Offene HH Senioren EM 2008"]
[Site "Hamburg"]
[Date "2008.10.27"]
[Round "1.6"]
[White "Bartlitz, Heinz"]
[Black "Gehrke, Rolf"]
[Result "0-1"]
[WhiteElo "1841"]
[BlackElo "2052"]
[PlyCount "166"]
[EventDate "2008.??.??"]
[WhiteTeam "Bramfelder SK 1947"]
[BlackTeam "SC Concordia SAbt Palamedes"]

1. e4 c5 2. Nc3 Nc6 3. g3 g6 4. Bg2 Bg7 5. d3 d6 6. Be3 Nf6 7. Nge2 O-O 8. h3
Ne8 9. O-O Nc7 10. Qd2 Nd4 11. Nd1 d5 12. c3 Nxe2+ 13. Qxe2 d4 14. Bd2 e5 15.
f4 f5 16. Nf2 exf4 17. gxf4 fxe4 18. Nxe4 Qe7 19. Rae1 Bf5 20. c4 Rae8 21. Qf2
b6 22. Ng5 Qd7 23. Ne4 Bxh3 24. Bxh3 Qxh3 25. Qe2 Rf5 26. Rf3 Qh4 27. Kg2 Rh5
28. Rg3 Ne6 29. Qf3 Rf8 30. Rh3 Qxh3+ 31. Qxh3 Rxh3 32. Kxh3 Nxf4+ 33. Bxf4
Rxf4 34. Kg2 Rf5 35. Nd6 Re5 36. Ne4 Kf8 37. a3 Ke7 38. b4 Kd7 39. bxc5 bxc5
40. Rb1 Kc7 41. a4 Bf8 42. a5 Re6 43. Rb5 a6 44. Rb1 Be7 45. Rf1 h6 46. Rf7 Kc6
47. Rh7 Bd8 48. Ra7 Bxa5 49. Rxa6+ Bb6 50. Ra8 g5 51. Rg8 Bc7 52. Kf3 Bd6 53.
Kg4 Kd7 54. Rg7+ Kd8 55. Rg8+ Ke7 56. Rg7+ Kf8 57. Rd7 Be7 58. Rd5 Rc6 59. Kh5
Kf7 60. Rf5+ Ke6 61. Rd5 Kf7 62. Rf5+ Kg7 63. Re5 Bf8 64. Rd5 Kf7 65. Rf5+ Ke8
66. Nf6+ Kd8 67. Ne4 Be7 68. Rd5+ Kc8 69. Rf5 Kd7 70. Rd5+ Kc7 71. Rf5 Kb6 72.
Rf7 Re6 73. Rf5 Ka5 74. Nxc5 Bxc5 75. Rxc5+ Kb4 76. Rd5 Kc3 77. c5 Kxd3 78. Rd6
Re5 79. c6 Rc5 80. Rxh6 Kc2 81. Kg4 d3 82. Rh2+ d2 83. Kf3 Kc1 0-1

[Event "15. Offene HH Senioren EM 2008"]
[Site "Hamburg"]
[Date "2008.10.27"]
[Round "1.7"]
[White "Schulz, Hans Juergen"]
[Black "Berking, Bernhard"]
[Result "1-0"]
[WhiteElo "2015"]
[BlackElo "1526"]
[PlyCount "43"]
[EventDate "2008.??.??"]
[WhiteTeam "Hamburger SK von 1830 eV"]
[BlackTeam "SVG Blankenese"]

1. e4 c5 2. b4 cxb4 3. Bb2 d5 4. exd5 Qxd5 5. d4 Nf6 6. c4 bxc3 7. Nxc3 Qa5 8.
Bc4 e6 9. Nf3 Bb4 10. Qb3 Ne4 11. Rc1 O-O 12. O-O Nxc3 13. Bxc3 Bxc3 14. Rxc3
Nc6 15. Re1 Qb4 16. Qc2 Qb6 17. Ng5 g6 18. Rh3 Qxd4 19. Nxh7 Kg7 20. Qc1 f5 21.
Qh6+ Kf7 22. Qxf8# 1-0

[Event "15. Offene HH Senioren EM 2008"]
[Site "Hamburg"]
[Date "2008.10.27"]
[Round "1.8"]
[White "Gette, Viktor"]
[Black "Strenzke, Guenter"]
[Result "0-1"]
[WhiteElo "1500"]
[BlackElo "1976"]
[PlyCount "84"]
[EventDate "2008.??.??"]
[WhiteTeam "Koenigsspr.SC.1984 e.V."]
[BlackTeam "SV Großhansdorf"]

1. d4 e6 2. Nf3 f5 3. Bf4 Nf6 4. e3 Be7 5. Nc3 O-O 6. Bc4 d5 7. Bb3 b6 8. Nb5
Na6 9. c4 Bb4+ 10. Ke2 c6 11. Nc3 Nc7 12. Rc1 Bb7 13. Qc2 Rc8 14. a3 Bd6 15.
Bxd6 Qxd6 16. Ne5 c5 17. f3 dxc4 18. Nxc4 Ba6 19. Rhd1 Qxh2 20. Kf2 cxd4 21.
Rxd4 Ncd5 22. Nxd5 Nxd5 23. Qb1 f4 24. exf4 Nxf4 25. Rxf4 Qxf4 26. Ne3 Qh4+ 27.
g3 Qh2+ 28. Ng2 Qh6 29. Nf4 Rxc1 30. Bxe6+ Kh8 31. Qxc1 Re8 32. Qc6 Rc8 33. Qe4
Rd8 34. Qa4 Bc8 35. Bd5 Qh2+ 36. Ng2 Bh3 37. f4 h6 38. Qxa7 h5 39. Qe7 Rxd5 40.
Qe8+ Kh7 41. Qe4+ Rf5 42. Kf1 Bxg2+ 0-1

[Event "15. Offene HH Senioren EM 2008"]
[Site "Hamburg"]
[Date "2008.10.27"]
[Round "1.9"]
[White "Ristic, Sreten"]
[Black "Soerens, Meno"]
[Result "1-0"]
[WhiteElo "1937"]
[BlackElo "1479"]
[PlyCount "111"]
[EventDate "2008.??.??"]
[WhiteTeam "Altonaer SK 1873 eV"]
[BlackTeam "Schachfreunde Hamburg v. 1934 eV"]

1. d4 d5 2. c4 dxc4 3. Nc3 Nf6 4. e4 a6 5. a4 e6 6. Nf3 c5 7. d5 exd5 8. exd5
Be7 9. Bxc4 O-O 10. O-O Nbd7 11. a5 Bd6 12. Re1 Re8 13. Bg5 h6 14. Bxf6 Nxf6
15. Rxe8+ Qxe8 16. Qc2 Bg4 17. Re1 Qd7 18. Ne5 Qf5 19. Bd3 Qh5 20. f4 Re8 21.
h3 Bc8 22. Ne4 Nxe4 23. Bxe4 f5 24. Bf3 Qh4 25. Qc1 Bxe5 26. fxe5 Qd4+ 27. Qe3
Rxe5 28. Qxd4 Rxe1+ 29. Kf2 cxd4 30. Kxe1 g6 31. Ke2 Kf7 32. Kd3 Ke7 33. Kxd4
Kd6 34. Be2 Bd7 35. g3 h5 36. h4 Be8 37. b3 Bf7 38. Bc4 Be8 39. b4 Bd7 40. Ke3
Be8 41. Kf4 Bf7 42. Kg5 Ke5 43. d6 Be8 44. d7 Bxd7 45. Bf7 Kd4 46. Bxg6 Kc4 47.
Bxh5 Kxb4 48. Bf3 Kxa5 49. Bxb7 Kb6 50. Bxa6 Kxa6 51. h5 Be6 52. h6 Bg8 53.
Kxf5 Bh7+ 54. Kf6 Kb6 55. g4 Kc6 56. g5 1-0

[Event "15. Offene HH Senioren EM 2008"]
[Site "Hamburg"]
[Date "2008.10.27"]
[Round "1.10"]
[White "Bobzin, Volker"]
[Black "Schierholz, Guenter"]
[Result "1/2-1/2"]
[WhiteElo "1476"]
[BlackElo "1871"]
[PlyCount "127"]
[EventDate "2008.??.??"]
[WhiteTeam "Schachfreunde Hamburg v. 1934 eV"]
[BlackTeam "Koenigsspr.SC.1984 e.V."]

1. d4 d5 2. c4 c6 3. Nc3 Nf6 4. Nf3 a6 5. a4 dxc4 6. e4 Bg4 7. Bxc4 e6 8. Be2
Nbd7 9. Bg5 Be7 10. O-O O-O 11. Qb3 b5 12. e5 Nd5 13. Bxe7 Nxe7 14. h3 Bh5 15.
Nd2 Bxe2 16. Nxe2 Nxe5 17. dxe5 Qxd2 18. Nc3 Qf4 19. Rfe1 Nd5 20. Re4 Qg5 21.
Rae1 Rfd8 22. Rg4 Qe7 23. Ne4 Kh8 24. Nd6 f6 25. Qf3 Rf8 26. Qg3 fxe5 27. Qxe5
Rf6 28. Qg5 Raf8 29. f3 Rh6 30. Qxe7 Nxe7 31. Rc1 Rhf6 32. axb5 axb5 33. Ra1 e5
34. Ne4 Rf4 35. Ra7 Rxg4 36. hxg4 Nd5 37. Nc5 h6 38. Ne6 Rg8 39. Kf2 Kh7 40. g3
Kg6 41. Ra6 Nb4 42. Ra3 Kf6 43. Nc5 Rd8 44. Ke2 Rd4 45. Ne4+ Kg6 46. Rc3 Kf7
47. Nc5 Rd8 48. Ra3 Re8 49. Rb3 Nc2 50. Rd3 Nd4+ 51. Ke3 Rd8 52. Ke4 Ne6 53.
Rxd8 Nxd8 54. Kxe5 Ke7 55. f4 g6 56. Nd3 Nf7+ 57. Kd4 Kd6 58. Nc5 g5 59. f5 Nd8
60. Ne4+ Kc7 61. Nc5 Nf7 62. Ne4 Kd7 63. b4 Kc7 64. Nc5 1/2-1/2

[Event "15. Offene HH Senioren EM 2008"]
[Site "Hamburg"]
[Date "2008.10.27"]
[Round "1.11"]
[White "Bahr, Peter"]
[Black "Kock, Rudolf"]
[Result "1-0"]
[WhiteElo "2028"]
[BlackElo "1474"]
[PlyCount "43"]
[EventDate "2008.??.??"]
[WhiteTeam "SF Sasel 1947"]
[BlackTeam "SF Hamburg eV 1934"]

1. d4 g6 2. e4 Bg7 3. c4 c5 4. Nf3 Qb6 5. Nc3 cxd4 6. Nd5 Qd8 7. Nxd4 e6 8. Nc3
Qb6 9. Ndb5 Bxc3+ 10. bxc3 Nc6 11. Qd6 Nge7 12. Nc7+ Qxc7 13. Qxc7 O-O 14. Bh6
Re8 15. Qf4 f5 16. Bd3 e5 17. Qg5 Rf8 18. Bxf8 Kxf8 19. Qf6+ Kg8 20. c5 fxe4
21. Bc4+ d5 22. cxd6+ 1-0

[Event "15. Offene HH Senioren EM 2008"]
[Site "Hamburg"]
[Date "2008.10.27"]
[Round "1.12"]
[White "Lubisch, Gerwalt"]
[Black "Soltau, Achim"]
[Result "0-1"]
[WhiteElo "1472"]
[BlackElo "1950"]
[PlyCount "54"]
[EventDate "2008.??.??"]
[WhiteTeam "SVG Blankenese"]
[BlackTeam "SK Johanneum Eppendorf"]

1. e4 c5 2. f4 d5 3. e5 Nh6 4. d4 Bg4 5. Be2 Bxe2 6. Nxe2 e6 7. c3 Nc6 8. O-O
cxd4 9. cxd4 Qb6 10. Kh1 Nf5 11. Qb3 Nfxd4 12. Nxd4 Nxd4 13. Qxb6 axb6 14. Nc3
Bc5 15. Bd2 O-O 16. Rab1 Nf5 17. b4 Be3 18. Bxe3 Nxe3 19. Rf3 d4 20. Ra1 Nc2
21. Rc1 Nxb4 22. Nb5 Nxa2 23. Rd1 Ra5 24. Nxd4 Rd5 25. h4 Rfd8 26. Ra3 Nb4 27.
Rc3 Nc6 0-1

[Event "15. Offene HH Senioren EM 2008"]
[Site "Hamburg"]
[Date "2008.10.27"]
[Round "1.13"]
[White "Marquardt, Rolf"]
[Black "Nendza, Jan"]
[Result "0-1"]
[WhiteElo "1778"]
[BlackElo "1467"]
[PlyCount "152"]
[EventDate "2008.??.??"]
[WhiteTeam "Langenhorner SF 1928"]
[BlackTeam "SAbt Gehörlosen SPV 04"]

1. d4 d5 2. Bf4 e6 3. e3 a6 4. Bd3 Bd6 5. Bg3 Bxg3 6. hxg3 Nc6 7. Nf3 h6 8. c3
Qf6 9. Nbd2 Nge7 10. e4 e5 11. exd5 Nxd5 12. dxe5 Qe7 13. Qe2 Be6 14. a3 O-O-O
15. O-O-O Nb6 16. Be4 Na5 17. Bd3 Nb3+ 18. Nxb3 Bxb3 19. Rd2 Kb8 20. Nd4 Ba4
21. f4 Qc5 22. Bc2 Bxc2 23. Rxc2 Nc4 24. Nb3 Qb5 25. Nd4 Qc5 26. b4 Qd5 27. Ra2
Rhe8 28. Qf3 Nb6 29. Rd1 Qxa2 30. Nc2 Rxd1+ 31. Qxd1 Qd5 32. Qg4 g5 33. fxg5
hxg5 34. Qxg5 Rxe5 35. Qf6 Nc4 36. Qf2 Rf5 37. Qe2 Re5 38. Qf2 Qe6 39. Qd4 Re1+
40. Nxe1 Qxe1+ 41. Kc2 Qe2+ 42. Kb3 Nd6 43. Qh8+ Nc8 44. Qh3 Qd1+ 45. Kb2 Qd2+
46. Kb3 Qd5+ 47. Kb2 Nb6 48. g4 Na4+ 49. Kc2 Qe4+ 50. Kd2 Qd5+ 51. Kc2 Qa2+ 52.
Kd3 Nb6 53. Qh8+ Ka7 54. Qh3 Qxa3 55. Qe3 Qb3 56. g5 Qd5+ 57. Ke2 Qxg2+ 58. Kd3
Qd5+ 59. Ke2 Qc4+ 60. Kf3 Kb8 61. Qe8+ Nc8 62. Qe5 Qc6+ 63. Kg4 b5 64. Kh5 Qh1+
65. Kg4 Qg2+ 66. Kh4 Nd6 67. Qf6 Qe4+ 68. Kh5 Qe2+ 69. Kh4 Qh2+ 70. Kg4 Qh7 71.
Qd8+ Kb7 72. Qe7 Qf5+ 73. Kg3 Ne4+ 74. Kh4 Qf4+ 75. Kh5 Ng3+ 76. Kh6 Nf5+ 0-1

[Event "15. Offene HH Senioren EM 2008"]
[Site "Hamburg"]
[Date "2008.10.27"]
[Round "1.14"]
[White "Peters, Reiner"]
[Black "Brueckner, Gerhard"]
[Result "1/2-1/2"]
[WhiteElo "1457"]
[BlackElo "1867"]
[PlyCount "64"]
[EventDate "2008.??.??"]
[WhiteTeam "SK Caissa Rahlstedt"]
[BlackTeam "Pinneberger SC 1932 eV"]

1. d4 Nf6 2. Nf3 d5 3. Bf4 c5 4. e3 Nc6 5. Nbd2 Bg4 6. h3 Bh5 7. c3 Ne4 8. Bd3
Bg6 9. Nh4 Nxc3 10. Qc2 Nb4 11. Qxc3 Nxd3+ 12. Kf1 Nxf4 13. exf4 e6 14. Nxg6
hxg6 15. Nf3 Rc8 16. Rc1 Bd6 17. g3 O-O 18. Kg2 c4 19. h4 b5 20. a3 a5 21. Ne5
b4 22. axb4 axb4 23. Qf3 Bxe5 24. fxe5 f6 25. Qg4 Qe8 26. h5 gxh5 27. Rxh5 f5
28. Qg5 f4 29. g4 f3+ 30. Kg3 Qd8 31. Qg6 Qe8 32. Qg5 Qd8 1/2-1/2

[Event "15. Offene HH Senioren EM 2008"]
[Site "Hamburg"]
[Date "2008.10.27"]
[Round "1.15"]
[White "Assmus, Edgar"]
[Black "Tost, Günther"]
[Result "1-0"]
[WhiteElo "1945"]
[BlackElo "1450"]
[PlyCount "77"]
[EventDate "2008.??.??"]
[WhiteTeam "Niendorfer TSV 1919 SAbt"]
[BlackTeam "Barmbeker SK 1926 eV"]

1. d4 Nf6 2. c4 e6 3. Nf3 c5 4. e3 cxd4 5. exd4 Bb4+ 6. Bd2 Qa5 7. Qc2 Bxd2+ 8.
Nbxd2 d6 9. Bd3 Nbd7 10. O-O Qc7 11. b4 b6 12. h3 Bb7 13. Rae1 d5 14. c5 Rc8
15. Nb3 h6 16. Re3 O-O 17. Rc1 Kh8 18. a4 a6 19. b5 axb5 20. axb5 bxc5 21. dxc5
Nb8 22. Ne5 Ne4 23. f4 Nd7 24. b6 Qd8 25. Bxe4 Nxe5 26. fxe5 dxe4 27. Qc3 Qe7
28. Na5 Ba8 29. c6 Bxc6 30. Nxc6 Qb7 31. Qc5 f5 32. exf6 Rxf6 33. Rxe4 Rf5 34.
Qd6 Qxb6+ 35. Kh2 Qb2 36. Rg1 Qb6 37. Rxe6 Rcf8 38. Ne7 Qxd6+ 39. Rxd6 1-0

[Event "15. Offene HH Senioren EM 2008"]
[Site "Hamburg"]
[Date "2008.10.27"]
[Round "1.16"]
[White "Hofmeier, Arthur"]
[Black "Voss, Werner"]
[Result "0-1"]
[WhiteElo "1420"]
[BlackElo "1857"]
[PlyCount "44"]
[EventDate "2008.??.??"]
[WhiteTeam "Hamburger SK von 1830 eV"]
[BlackTeam "SK Caissa Rahlstedt"]

1. e4 e5 2. d4 exd4 3. c3 Qe7 4. Bd3 d5 5. f3 Nc6 6. Ne2 dxe4 7. fxe4 Nf6 8.
Bg5 h6 9. Bxf6 Qxf6 10. Rf1 Qh4+ 11. Rf2 Qxh2 12. Kd2 dxc3+ 13. Nbxc3 Bc5 14.
Rf4 Be6 15. Nd5 O-O-O 16. Qc2 Bb4+ 17. Ke3 Bxd5 18. exd5 Rhe8+ 19. Be4 Rxd5 20.
Rd1 Rxd1 21. Qxd1 Bc5+ 22. Nd4 Bxd4+ 0-1

[Event "15. Offene HH Senioren EM 2008"]
[Site "Hamburg"]
[Date "2008.10.27"]
[Round "1.17"]
[White "Zippert, Georg"]
[Black "Funke, Hermann"]
[Result "1-0"]
[WhiteElo "1929"]
[BlackElo "1418"]
[PlyCount "63"]
[EventDate "2008.??.??"]
[WhiteTeam "SF Hamburg eV 1934"]
[BlackTeam "SK Johanneum Eppendorf"]

1. e4 e5 2. Nf3 Nc6 3. Bb5 a6 4. Ba4 Nf6 5. d3 Be7 6. O-O O-O 7. Bxc6 dxc6 8.
Nxe5 Bd6 9. Nf3 Bg4 10. Bg5 Qd7 11. Nbd2 Nh5 12. e5 Bxe5 13. Nxe5 Qf5 14. Qxg4
Qxe5 15. Be3 Nf6 16. Qd4 Qh5 17. Ne4 Nxe4 18. Qxe4 Rfe8 19. Qf4 Re7 20. Rfe1
Rae8 21. Qb4 b6 22. Qd2 c5 23. f3 g5 24. Bf2 f6 25. Rxe7 Rxe7 26. Re1 Qf7 27.
Re4 h5 28. b3 Kf8 29. Qe3 Rd7 30. h4 f5 31. Re6 f4 32. Qe5 1-0

[Event "15. Offene HH Senioren EM 2008"]
[Site "Hamburg"]
[Date "2008.10.27"]
[Round "1.18"]
[White "Manowski, Werner"]
[Black "Dangelowski, Peter"]
[Result "0-1"]
[WhiteElo "1403"]
[BlackElo "1791"]
[PlyCount "59"]
[EventDate "2008.??.??"]
[WhiteTeam "Langenhorner SF 1928"]
[BlackTeam "Pinneberger SC 1932 eV"]

1. d4 d5 2. Nf3 Nf6 3. Bf4 e6 4. e3 Nbd7 5. Nbd2 Be7 6. c3 c5 7. Bd3 a6 8. b3
b5 9. h3 Qa5 10. Qc1 Bb7 11. O-O Rc8 12. Qb2 O-O 13. Ne5 cxd4 14. b4 dxc3 15.
Qb3 Qxb4 16. Qxb4 Bxb4 17. Nb3 Nc5 18. Bc2 Nxb3 19. axb3 Ne4 20. Nd3 Be7 21. f3
Nd2 22. Rfd1 f6 23. b4 e5 24. Bg3 Nc4 25. Re1 Nb2 26. Nc1 Bxb4 27. Re2 Rfd8 28.
Ra2 Bf8 29. Bb3 b4 30. e4 0-1

[Event "15. Offene HH Senioren EM 2008"]
[Site "Hamburg"]
[Date "2008.10.27"]
[Round "1.19"]
[White "Stubbe, Werner"]
[Black "Meyer, Hans-Georg"]
[Result "1-0"]
[WhiteElo "1723"]
[BlackElo "1358"]
[PlyCount "93"]
[EventDate "2008.??.??"]
[WhiteTeam "Niendorfer TSV 1919 SAbt"]
[BlackTeam "Bramfelder SK 1947"]

1. d4 d5 2. Nf3 e6 3. e3 c5 4. b3 Nf6 5. Bd3 Nc6 6. O-O cxd4 7. exd4 g6 8. c3
Bg7 9. Ba3 Nd7 10. Re1 Bf8 11. Bxf8 Nxf8 12. Qd2 Nd7 13. Qh6 Qe7 14. Nbd2 Qf8
15. Qf4 Qg7 16. Qd6 Ne7 17. Re2 Qf6 18. Ne5 a6 19. Ndf3 Nxe5 20. dxe5 Qg7 21.
Nd4 Qf8 22. Rc1 Bd7 23. c4 Rc8 24. Rec2 Nc6 25. cxd5 exd5 26. Qxd5 Qe7 27. Bxa6
bxa6 28. Nxc6 Qe6 29. Qxe6+ fxe6 30. Nd4 Ke7 31. Rxc8 Rxc8 32. Rxc8 Bxc8 33. f4
Bb7 34. Kf2 h6 35. g4 Bd5 36. a4 Be4 37. Ke3 Bb1 38. b4 Kd7 39. b5 Ba2 40. f5
gxf5 41. gxf5 exf5 42. Kf4 Bb1 43. Nxf5 h5 44. Nd4 Ba2 45. Kg5 Bf7 46. Kf6 Ba2
47. e6+ 1-0

[Event "15. Offene HH Senioren EM 2008"]
[Site "Hamburg"]
[Date "2008.10.27"]
[Round "1.20"]
[White "Warneke, Perygrin"]
[Black "Cassens, Erhard Otto"]
[Result "0-1"]
[WhiteElo "1352"]
[BlackElo "1785"]
[PlyCount "94"]
[EventDate "2008.??.??"]
[WhiteTeam "SF Sasel 1947"]
[BlackTeam "SAbt SV Lurup Hamb. 1923"]

1. d4 e6 2. c4 f5 3. g3 Nf6 4. Bg2 Be7 5. Nf3 O-O 6. O-O d6 7. Nc3 Ne4 8. Qc2
Nxc3 9. Qxc3 Bf6 10. Qc2 Nc6 11. Rd1 Ne7 12. b3 Ng6 13. Bb2 f4 14. Nd2 fxg3 15.
fxg3 d5 16. e4 dxc4 17. Nxc4 c6 18. d5 exd5 19. exd5 c5 20. Rf1 b5 21. Nd2 Qb6
22. Bxf6 gxf6 23. Kh1 Bb7 24. Rac1 Rac8 25. Nb1 c4 26. b4 Ne5 27. Qf5 Rc7 28.
Qe6+ Qxe6 29. dxe6 Bxg2+ 30. Kxg2 Re7 31. Nc3 a6 32. a4 Nd3 33. Rb1 bxa4 34.
Nxa4 Rxe6 35. b5 Re2+ 36. Kg1 axb5 37. Rxb5 Kg7 38. Nc5 Rfe8 39. Nxd3 cxd3 40.
Rd5 d2 41. Rf2 Re1+ 42. Kg2 d1=Q 43. Rxd1 Rxd1 44. Kh3 Re5 45. Kg4 h5+ 46. Kh3
Rde1 47. Rb2 R1e2 0-1

[Event "15. Offene HH Senioren EM 2008"]
[Site "Hamburg"]
[Date "2008.10.27"]
[Round "1.21"]
[White "Seemann, Hans Siegfried"]
[Black "Schleu, Günther"]
[Result "1-0"]
[WhiteElo "1779"]
[BlackElo "1254"]
[PlyCount "59"]
[EventDate "2008.??.??"]
[WhiteTeam "Koenigsspr.SC.1984 e.V."]
[BlackTeam "Pinneberger SC 1932 eV"]

1. e4 e5 2. Nf3 Nc6 3. Bc4 h6 4. Nc3 Nf6 5. O-O Be7 6. d4 exd4 7. Nxd4 O-O 8.
Be3 Ne5 9. Bb3 a6 10. h3 d6 11. a4 c5 12. Nf3 Qc7 13. Nxe5 dxe5 14. Nd5 Nxd5
15. Bxd5 Bf6 16. c4 Rd8 17. Qh5 Qe7 18. Rad1 Be6 19. f4 Bxd5 20. exd5 exf4 21.
Bxf4 Bxb2 22. d6 Bd4+ 23. Kh1 Qd7 24. Rfe1 Re8 25. Qd5 Rxe1+ 26. Rxe1 Rc8 27.
Re7 Qc6 28. Qxf7+ Kh8 29. Bxh6 Rg8 30. Bf4 1-0

[Event "15. Offene HH Senioren EM 2008"]
[Site "Hamburg"]
[Date "2008.10.27"]
[Round "1.22"]
[White "Graffenberger, Marianne"]
[Black "Raedisch, Peter"]
[Result "0-1"]
[WhiteElo "1500"]
[BlackElo "1817"]
[PlyCount "26"]
[EventDate "2008.??.??"]
[WhiteTeam "Hamburger SK von 1830 eV"]
[BlackTeam "SF Hamburg eV 1934"]

1. e4 e5 2. Nf3 Nc6 3. d4 exd4 4. Nxd4 Bc5 5. Be3 Qh4 6. Qf3 Ne5 7. Nf5 Nxf3+
8. gxf3 Qf6 9. c3 Bxe3 10. fxe3 g6 11. Nd4 c5 12. Nb5 Qxf3 13. Rg1 Qxe3+ 0-1

[Event "15. Offene HH Senioren EM 2008"]
[Site "Hamburg"]
[Date "2008.10.27"]
[Round "1.23"]
[White "Hadenfeldt, Klaus"]
[Black "Falk, Rolf"]
[Result "1-0"]
[WhiteElo "1773"]
[BlackElo "1080"]
[PlyCount "59"]
[EventDate "2008.??.??"]
[WhiteTeam "Hamburger SK von 1830 eV"]
[BlackTeam "Koenigsspr.SC.1984 e.V."]

1. d4 d5 2. c4 e6 3. Nc3 c6 4. e3 Nf6 5. Nf3 Nbd7 6. Bd3 Bd6 7. O-O O-O 8. Re1
c5 9. cxd5 exd5 10. Bc2 c4 11. b3 Nb6 12. a4 Bg4 13. a5 Nbd7 14. bxc4 dxc4 15.
e4 Bb4 16. Bd2 Bxa5 17. e5 Bxc3 18. Bxc3 Nd5 19. Ba5 b6 20. Be4 bxa5 21. Bxd5
Rc8 22. h3 Bf5 23. g4 Be6 24. Be4 f6 25. d5 f5 26. gxf5 Bxf5 27. e6 Nc5 28. e7
Qxe7 29. Bxf5 Rcd8 30. Rxe7 1-0

[Event "15. Offene HH Senioren EM 2008"]
[Site "Hamburg"]
[Date "2008.10.27"]
[Round "1.24"]
[White "Ramm, Helga"]
[Black "Keuneke, Hanno"]
[Result "0-1"]
[WhiteElo "919"]
[BlackElo "1694"]
[PlyCount "58"]
[EventDate "2008.??.??"]
[WhiteTeam "Niendorfer TSV 1919 SAbt"]
[BlackTeam "Langenhorner SF 1928"]

1. Nf3 Nf6 2. d4 g6 3. e3 Bg7 4. Nc3 O-O 5. Bc4 d6 6. O-O a6 7. b3 b5 8. Bd3 c5
9. Bb2 Bb7 10. e4 cxd4 11. Nxd4 b4 12. Nce2 Nxe4 13. f3 Nc3 14. Qd2 e5 15. Bxc3
bxc3 16. Qxc3 exd4 17. Nxd4 Qb6 18. Kh1 Bxd4 19. Qe1 Bxa1 20. Qxa1 Nc6 21. h4
Qd4 22. Qe1 Rfe8 23. Qd2 Qxh4+ 24. Kg1 Qd4+ 25. Kh2 Ne5 26. f4 Nxd3 27. cxd3
Re3 28. f5 Qxd3 29. Qf2 Qxf5 0-1

[Event "15. Offene HH Senioren EM 2008"]
[Site "Hamburg"]
[Date "2008.10.28"]
[Round "2.1"]
[White "Jacoby, Gisbert"]
[Black "Zippert, Georg"]
[Result "1-0"]
[WhiteElo "2186"]
[BlackElo "1929"]
[PlyCount "37"]
[EventDate "2008.??.??"]
[WhiteTeam "Koenigsspr.SC.1984 e.V."]
[BlackTeam "SF Hamburg eV 1934"]

1. e4 e5 2. Nc3 Nf6 3. Bc4 Nc6 4. d3 d6 5. f4 Bg4 6. Nf3 Nd4 7. Be3 Nxf3+ 8.
gxf3 Bh5 9. Qe2 Qd7 10. O-O-O Qh3 11. Rde1 O-O-O 12. Rhg1 Qd7 13. Bxa7 exf4 14.
Qd2 c6 15. Na4 Qe7 16. Nb6+ Kc7 17. Qa5 Qe5 18. Nd5+ Kd7 19. d4 1-0